Mzdový systém a analýza kritérií odmeňovania s dopadom na výkonnosť zamestnancov v konkrétnom podnikateľskom subjekte bakalárska práca

Saved in:
Bibliographic Details
Main Author: Gerdenichová, Klaudia
Corporate Author: Fakulta podnikového manažmentu EU. Katedra podnikovohospodárska
Other Authors: Kufelová, Iveta, 1970-
Format: Book
Language:Slovak
Published: Bratislava 2021
Tags: Add Tag
No Tags, Be the first to tag this record!

MARC

LEADER 00000nbm a2200000 4500
001 0275749
005 20211118105138.5
041 0 |a slo 
044 |a SK 
245 1 0 |a Mzdový systém a analýza kritérií odmeňovania s dopadom na výkonnosť zamestnancov v konkrétnom podnikateľskom subjekte  |b bakalárska práca  |c Klaudia Gerdenichová ; školiteľ: Iveta Kufelová 
264 1 |a Bratislava  |c 2021 
300 |a 52 s. 
100 1 |a Gerdenichová, Klaudia 
700 1 |a Kufelová, Iveta, 1970- 
710 2 |a Fakulta podnikového manažmentu EU. Katedra podnikovohospodárska